000 00886nam a2200301Ia 4500
001 13284
003 IT-RoPAU
008 130308s9999 xx 000 0 und d
040 _aIT-RoPAU
040 _cIT-RoPAU
041 _aITALIANO
100 _aGiacomelli Barbara
100 _gCodice Aut. SPICS: 6109
245 _a"Cinema come didattica (Il) ovvero ""educazione allo schermo"""
245 _bRapporto tra mezzi Audiovisivi ed Eta' Evolutiva
250 _a1a ed.
260 _aSALERNO
260 _bFestival Del Cinema
260 _c1981 [1° Ed.:1981 - Ed.Ling.Originale:1981]
300 _a"11 p. (prefazione: no ; testo: 11 [pagine: 54-64])"
500 _aLinguaggio totale e Dialogo formativo Educazione al Cinema
650 _aDIDATTICA AUDIOVISIVA
650 _eCodice materia Spics: 4002
942 _cBK
957 _71
999 _c45891
_d45891
999 _bSI
999 _g1